| 000 | 00845nam a2200193 i 4500 | ||
|---|---|---|---|
| 001 | 56705 | ||
| 003 | ES-MaACL | ||
| 005 | 20230906163429.0 | ||
| 007 | t| | ||
| 008 | 031013s1981 sp ||||1| spa d | ||
| 100 | 1 |
_aDieste, Rafael. _944614 |
|
| 245 | 1 | 0 |
_aTeatro II / _cRafael Dieste ; edición, estudio introductorio y notas de Manuel Aznar Soler. |
| 250 | _a[1ª ed.]. | ||
| 260 |
_aBarcelona : _bLaia, _c1981. |
||
| 300 |
_a182 p. ; _c19 cm. |
||
| 505 | 8 | _aContiene: El teatro de Rafael Dieste durante la guerra civil. El amanecer : comedia en un acto. Nuevo retablo de las maravillas : mascarada en un acto. El moro leal. Farsa infantil de la fiera risueña. El falso faquir. El empresario pierde la cabeza. Curiosa muerte burlada. La doncella guerrera | |
| 700 | 1 |
_aAznar Soler, Manuel. _924318 |
|
| 852 |
_aES-MaACL _jL-1732 _bR.102362 |
||
| 999 |
_c56705 _d56705 |
||